<?xml version="1.0" encoding="UTF-8"?>
<record
    xmlns:xsi="http://www.w3.org/2001/XMLSchema-instance"
    xsi:schemaLocation="http://www.loc.gov/MARC21/slim http://www.loc.gov/standards/marcxml/schema/MARC21slim.xsd"
    xmlns="http://www.loc.gov/MARC21/slim">

  <leader>01782naa a2200277 i 4500</leader>
  <controlfield tag="001">BPP</controlfield>
  <controlfield tag="003">BPK</controlfield>
  <controlfield tag="005">20180321095125.0</controlfield>
  <controlfield tag="008">150123s2003    pl     f     |100 0 pol</controlfield>
  <datafield tag="040" ind1=" " ind2=" ">
    <subfield code="c">BPK</subfield>
  </datafield>
  <datafield tag="041" ind1=" " ind2=" ">
    <subfield code="a">pol</subfield>
    <subfield code="b">eng</subfield>
  </datafield>
  <datafield tag="080" ind1=" " ind2=" ">
    <subfield code="a">62-45.43</subfield>
  </datafield>
  <datafield tag="080" ind1=" " ind2=" ">
    <subfield code="a">519.87</subfield>
  </datafield>
  <datafield tag="100" ind1=" " ind2=" ">
    <subfield code="a">ZAPORSKI, Piotr.</subfield>
    <subfield code="b">Politechnika Koszali&#x144;ska - Wydzia&#x142; Mechaniczny,</subfield>
    <subfield code="c">Katedra System&#xF3;w Sterowania</subfield>
  </datafield>
  <datafield tag="245" ind1=" " ind2=" ">
    <subfield code="a">Lokalizacja czujnik&#xF3;w pomiarowych w uk&#x142;adach regulacji z obiektami ci&#x105;g&#x142;ymi = </subfield>
    <subfield code="b">Localization of sensors for automatic control with the space-continuous objects /</subfield>
    <subfield code="c">Piotr Zaporski, Wojciech Tarnowski.</subfield>
  </datafield>
  <datafield tag="260" ind1=" " ind2=" ">
    <subfield code="c">2003.</subfield>
  </datafield>
  <datafield tag="500" ind1=" " ind2=" ">
    <subfield code="a">Dane z autopsji.</subfield>
  </datafield>
  <datafield tag="520" ind1=" " ind2=" ">
    <subfield code="a">Podj&#x119;to pr&#xF3;b&#x119; doboru struktury uk&#x142;adu regulacji dla konkretnego przyk&#x142;adowego przypadku obiektu ci&#x105;g&#x142;ego w przestrzeni. Zastosowano w tym celu modelowanie w oparciu o cz&#x105;steczkowe r&#xF3;wnania r&#xF3;&#x17C;niczkowe. Przeanalizowano r&#xF3;&#x17C;ne warianty uk&#x142;ad&#xF3;w z jednym urz&#x105;dzeniem wykonawczym i jednym regulatorem wsp&#xF3;&#x142;pracuj&#x105;cym z jednym lub z wieloma urz&#x105;dzeniami pomiarowymi. Wskazano istnienie zale&#x17C;no&#x15B;ci pomi&#x119;dzy ilo&#x15B;ci&#x105; i rozmieszczeniem czujnik&#xF3;w pomiarowych a celem regulacji.</subfield>
  </datafield>
  <datafield tag="650" ind1=" " ind2="0">
    <subfield code="a">Optymalizacja.</subfield>
  </datafield>
  <datafield tag="650" ind1=" " ind2="0">
    <subfield code="a">Przyrz&#x105;dy pomiarowe.</subfield>
  </datafield>
  <datafield tag="655" ind1=" " ind2="0">
    <subfield code="a">Materia&#x142;y konferencyjne.</subfield>
  </datafield>
  <datafield tag="700" ind1=" " ind2=" ">
    <subfield code="a">TARNOWSKI, Wojciech.</subfield>
    <subfield code="d">1996 - .</subfield>
    <subfield code="b">Politechnika Koszali&#x144;ska - Wydzia&#x142; Mechaniczny,</subfield>
    <subfield code="c">Katedra System&#xF3;w Sterowania</subfield>
  </datafield>
  <datafield tag="773" ind1=" " ind2=" ">
    <subfield code="i">W :</subfield>
    <subfield code="t">Polioptymalizacja i Komputerowe Wspomaganie Projektowania : Mielno 2003. T. 2. -</subfield>
    <subfield code="d">Warszawa : Wydaw. Naukowo-Techniczne, 2003. -</subfield>
    <subfield code="g">s. 189-196</subfield>
  </datafield>
  <datafield tag="711" ind1=" " ind2=" ">
    <subfield code="a">Og&#xF3;lnopolska Konferencja Polioptymalizacja i Komputerowe Wspomaganie Projektowania</subfield>
    <subfield code="n">(21 ;</subfield>
    <subfield code="d">2003 ;</subfield>
    <subfield code="c">Koszalin / Mielno, Polska).</subfield>
    <subfield code="p">Mielno 2003</subfield>
    <subfield code="e">Mielno 2003</subfield>
  </datafield>
  <datafield tag="942" ind1=" " ind2=" ">
    <subfield code="c">ART</subfield>
    <subfield code="2">UKD</subfield>
  </datafield>
  <datafield tag="999" ind1=" " ind2=" ">
    <subfield code="c">3627</subfield>
    <subfield code="d">3627</subfield>
  </datafield>
</record>
